Catálogo

La villa de Guadalupe : (Registro nro. 61489)

Detalles MARC
000 -LEADER
fixed length control field 00746nam a2200205 u 4500
001 - CONTROL NUMBER
control field 61489
005 - DATE AND TIME OF LATEST TRANSACTION
control field 20180714063135.0
008 - FIXED-LENGTH DATA ELEMENTS--GENERAL INFORMATION
fixed length control field 141003s1999 mx a r 000 0 spa d
082 0# - DEWEY DECIMAL CLASSIFICATION NUMBER
Classification number 720.97253203
Item number SEN
100 1# - MAIN ENTRY--PERSONAL NAME
Personal name Sentiés Rodríguez, Horacio
Relator term autor
245 13 - TITLE STATEMENT
Title La villa de Guadalupe :
Remainder of title crónica centenaria /
Statement of responsibility, etc. Horacio Sentíes Rodríguez.
250 ## - EDITION STATEMENT
Edition statement 1a. edición.
264 #0 - PRODUCTION, PUBLICATION, DISTRIBUTION, MANUFACTURE, AND COPYRIGHT NOTICE
Place of production, publication, distribution, manufacture México
Name of producer, publisher, distributor, manufacturer Ciudad de México
Date of production, publication, distribution, manufacture, or copyright notice 1999
300 ## - PHYSICAL DESCRIPTION
Extent 94 páginas :
Other physical details ilustraciones ;
Dimensions 17 cm.
336 ## - CONTENT TYPE
Content type term texto
Source rdacontent
337 ## - MEDIA TYPE
Media type term sin mediación
Source rdamedia
338 ## - CARRIER TYPE
Carrier type term volume
Source rdacarrier
650 #0 - SUBJECT ADDED ENTRY--TOPICAL TERM
Topical term or geographic name entry element Virgen de Guadalupe
General subdivision Templos cristianos
Geographic subdivision México
650 #0 - SUBJECT ADDED ENTRY--TOPICAL TERM
Topical term or geographic name entry element Conventos y monasterios
Geographic subdivision México (ciudad)
General subdivision Arquitectura religiosa
Existencias
Withdrawn status Lost status Source of classification or shelving scheme Damaged status Not for loan Collection code Home library Current library Shelving location Date acquired Source of acquisition Total Checkouts Full call number Barcode Price effective from Koha item type
    Dewey Decimal Classification     General Centro de Estudios Guadalupanos Centro de Estudios Guadalupanos Sala general 03/10/2014 Compra   720.97253203 SEN 1999 92475 10/10/2014 Libro